Акустотермометрия жидких объектов с помощью пьезоприёмников мегагерцевого диапазона; Техническая диагностика и неразрушающий контроль; № 3

Dettagli Bibliografici
Parent link:Техническая диагностика и неразрушающий контроль: научно-технический и производственный журнал/ Национальная академия наук Украины (НАНУ), Институт электросварки им. Е. О. Патона (ИЭС) ; Международная ассоциация "Сварка".— , 1990-1993, 2001-.— 0235-3474
№ 3.— 2002.— С. 41-48
Autore principale: Найда С. А.
Lingua:russo
Pubblicazione: 2002
Serie:Неразрышающий контроль
Soggetti:
Natura: MixedMaterials Capitolo di libro
KOHA link:https://koha.lib.tpu.ru/cgi-bin/koha/opac-detail.pl?biblionumber=384529

MARC

LEADER 00000naa2a2200000 4500
001 384529
005 20231101063245.0
035 |a (RuTPU)RU\TPU\prd\11357 
090 |a 384529 
100 |a 20030307a2002 k y0rusy50 ca 
101 0 |a rus 
102 |a un 
200 1 |a Акустотермометрия жидких объектов с помощью пьезоприёмников мегагерцевого диапазона  |f С. А. Найда 
225 1 |a Неразрышающий контроль 
320 |a Библиогр.: 16 назв. 
461 1 |0 (RuTPU)RU\TPU\prd\1736  |x 0235-3474  |t Техническая диагностика и неразрушающий контроль  |o научно-технический и производственный журнал  |f Национальная академия наук Украины (НАНУ), Институт электросварки им. Е. О. Патона (ИЭС) ; Международная ассоциация "Сварка"  |d 1990-1993, 2001- 
463 1 |0 (RuTPU)RU\TPU\prd\7470  |t № 3  |v С. 41-48  |d 2002 
610 1 |a акустотермометрия 
610 1 |a жидкие объекты 
610 1 |a пьезоприёмники 
610 1 |a радиометрия 
610 1 |a радиотермограф 
610 1 |a гидроакустика 
610 1 |a антенны 
610 1 |a неразрушающий контроль 
610 1 |a ниобит лития 
610 1 |a медицинская диагностика 
610 1 |a радиотермометры 
675 |a 615.47  |v 3 
700 1 |a Найда  |b С. А. 
801 1 |a RU  |b 63413507  |c 20030307  |g PSBO 
801 2 |a RU  |b 63413507  |c 20140128  |g RCR 
942 |c BK